Najpopularniejsze rasy psów w Polsce - Statystyki

Ogólne statystyki
  • Ten quiz został rozwiązany 106 razy
  • Średni wynik to 6 z 13
Statystyki odpowiedzi
Nr Odpowiedź % Poprawnych
1 Owczarek niemiecki
95%
2 Labrador retriever
65%
5 Yorkshire terrier
65%
13 Jamnik
57%
6 Buldog francuski
54%
8 Maltańczyk
54%
10 Siberian husky
54%
3 Golden retriever
50%
7 Mops
41%
9 Staffordshire terrier (Amstaff)
33%
12 Chihuahua
28%
4 Shih tzu
22%
11 Sznaucer
11%
Nie znaleziono quizów pasujących do podanych kryteriów
Rozkład punktacji
Procent ludzi z każdym wynikiem
Percentyl według liczby udzielonych odpowiedzi
Twoja historia wyników
Nie rozwiązałeś tego quizu